000 00389nam a22001697a 4500
005 20160528122932.0
008 160528b xxu||||| |||| 00| 0 eng d
020 _a0-07-058773-6
041 _aeng
082 _b5804
100 _aHatch Denny and others
_91454
245 _aDirect Marketing Success
260 _bTMH
_c2004
300 _a348
650 _aManagement
_9241
942 _cBK
999 _c2058
_d2057